00373nam a22001337a 450000500170000000800410001704100130005808200130007110000130008424500400009726000460013730000300018365000260021320240702123053.0240702b |||||||| |||| 00| 0 eng d aEnglish  a349 ANN  lEnglish  aAnnual Survey of South African Law  aCape Town: bJuta and Company Ltd, c2006 blii, 876 pages; c23 cm.  aLegal practice bLaw